LEADER 00968nam0-22003011i-450- 001 990006487560403321 005 20001010 035 $a000648756 035 $aFED01000648756 035 $a(Aleph)000648756FED01 035 $a000648756 100 $a20001010d--------km-y0itay50------ba 101 0 $aita 105 $ay-------001yy 200 1 $a<>politics of economic expansion$eenglish economic and diplomatic relations with Portugal and incursions into theportuguese overseas empire, 1550-1590$fGordon Kay McBride 210 $aAnn Arbor$cUniversity Microfilms Int.$d1976. 215 $a223 p.$d20 cm 300 $aDissertazione accademica mcrf. 676 $a337.41 700 1$aMcBride,$bGordon Kay$f<1941- >$0408929 801 0$aIT$bUNINA$gRICA$2UNIMARC 901 $aBK 912 $a990006487560403321 952 $aXIV E 2366$b20496$fFSPBC 959 $aFSPBC 996 $aPolitics of economic expansion$9653209 997 $aUNINA DB $aGEN01 LEADER 02269nam 2200553Ia 450 001 9910456197603321 005 20200520144314.0 010 $a0-292-79342-1 035 $a(CKB)2520000000006535 035 $a(dli)HEB31423 035 $a(SSID)ssj0000336145 035 $a(PQKBManifestationID)11241265 035 $a(PQKBTitleCode)TC0000336145 035 $a(PQKBWorkID)10282143 035 $a(PQKB)10883339 035 $a(MiAaPQ)EBC3443455 035 $a(OCoLC)560680598 035 $a(MdBmJHUP)muse2031 035 $a(Au-PeEL)EBL3443455 035 $a(CaPaEBR)ebr10364074 035 $a(EXLCZ)992520000000006535 100 $a20090619d2010 uy 0 101 0 $aeng 135 $aurmnummmmuuuu 181 $ctxt 182 $cc 183 $acr 200 10$aConstructing the image of the Mexican Revolution$b[electronic resource] $ecinema and the archive /$fZuzana M. Pick 205 $a1st ed. 210 $aAustin $cUniversity of Texas Press$d2010 215 $a1 online resource (x, 253 p. ) $cill. ; 300 $aBibliographic Level Mode of Issuance: Monograph 311 $a0-292-72108-0 320 $aIncludes bibliographical references and index. 327 $aIntroduction : visualizing and romancing the revolution -- The revolution as media event : documentary image and the archive -- Historicity and the archive : reconstruction and appropriation -- Pancho Villa on two sides of the border -- Avant-garde gestures and nationalist images of Mexico in Eisenstein's unfinished project -- Reconfiguring the revolution : celebrity and melodrama -- The aesthetics of spectacle -- Competing narratives and converging visions -- Conclusion : thoughts on working with the archive. 410 0$aACLS Humanities E-Book. 606 $aWar films$zMexico$xHistory and criticism 607 $aMexico$xHistory$yRevolution, 1910-1920$xMotion pictures and the revolution 608 $aElectronic books. 615 0$aWar films$xHistory and criticism. 676 $a791.43/658 700 $aPick$b Zuzana M$0872487 801 0$bMiAaPQ 801 1$bMiAaPQ 801 2$bMiAaPQ 906 $aBOOK 912 $a9910456197603321 996 $aConstructing the image of the Mexican Revolution$91947784 997 $aUNINA